Comprensión de nociones sobre organización social con niños y adolescentes mexicanos de nivel socioeconómico bajo (Record no. 64533)

MARC details
000 -CABECERA
campo de control de longitud fija 00685nam a2200229 a 4500
005 - FECHA Y HORA DE LA ÚLTIMA TRANSACCIÓN
campo de control 20250918064111.0
008 - ELEMENTOS DE LONGITUD FIJA--INFORMACIÓN GENERAL
campo de control de longitud fija 991125n 000 0 spa u
035 ## - NÚMERO DE CONTROL DEL SISTEMA
Número de control de sistema UPN01000068373
222 ## - TÍTULO CLAVE
Título clave REVISTA DE PSICOLOGIA SOCIAL
245 ## - MENCIÓN DE TÍTULO
Título Comprensión de nociones sobre organización social con niños y adolescentes mexicanos de nivel socioeconómico bajo
260 ## - PUBLICACIÓN, DISTRIBUCIÓN, ETC.
Lugar de publicación, distribución, etc. España
300 ## - DESCRIPCIÓN FÍSICA
Extensión 175-193
362 0# - FECHAS DE PUBLICACIÓN Y/O DESIGNACIÓN SECUENCIAL
Fecha de publicación y/o designación secuencial 1992 Vol. 7, no. 2
653 0# - TERMINO DE INDIZACION - NO CONTROLADO
Término no controlado CLASES SOCIALES
653 0# - TERMINO DE INDIZACION - NO CONTROLADO
Término no controlado CONOCIMIENTO SOCIAL
653 0# - TERMINO DE INDIZACION - NO CONTROLADO
Término no controlado MEXICO
653 0# - TERMINO DE INDIZACION - NO CONTROLADO
Término no controlado PROBLEMAS SOCIALES
653 0# - TERMINO DE INDIZACION - NO CONTROLADO
Término no controlado SOCIEDAD
700 1# - ASIENTO SECUNDARIO--NOMBRE DE PERSONAL
Nombre de persona Díaz Barriga, Frida,
Fechas asociadas al nombre 1955-
9 (RLIN) 30592
904 ## - ELEMENTOS DE DATOS D LOCAL, LDD (RLIN)
a AC
b 006184
905 ## - TIPO DE MATERIAL
Tipo de material Articulo

No items available.